Artists Singing About Other Artists - Statistics

General Stats
  • This quiz has been taken 18 times
  • The average score is 4 of 15
Answer Stats
Song Lyric Artist % Correct
Tik Tok (2009) Wake up in the mornin' feelin' like [...]Grab my glasses, I'm out the door, I'm gonna hit this city P. Diddy
67%
Party in the U.S.A. (2009) That's when the taxi man turned on the radio And a [...] song was on Jay-Z
53%
BOOGIE (2017) Best boy band since [...]Makin' niggas itch like a skin infection One Direction
47%
Stan (2000) You know the song by [...], "In the Air of the Night"
About that guy who could a saved that other guy from drowning
But didn't, then [...] saw it all, then at a a show he found him?
Phil Collins
47%
Money Bag (2018) I said "Bae, it's a snack, " he said it's a entréeWith them pretty ass twins, you look like [...] Beyoncé
40%
Slow Jamz (2004) Tellin' me them diamonds when she know they rhinestones She got a light skinned friend look like [...] Michael Jackson
40%
She Don't Use Jelly (1993) I know a girl who reminds me of [...], She's always changin' the color of her hair Cher
33%
Sweet Home Alabama (1974) Well I hope [...] will remember A southern man don't need him around anyhow Neil Young
27%
I Forgot That You Existed (2019)
And I couldn't get away from ya
In my feelings more than [...], so yeah
Your name on my lips, tongue tied
Drake
20%
Stupid Girls (2006) "What happened to the dreams of a girl president?She's dancing in the video next to [...]" 50 Cent
13%
Moonlight (2016) He's giving me [...] with some James Dean in his eyes Elvis
13%
Good Time (2012) Woke up on the right side of the bed
What's up with this [...] song inside my head?
Hands up if you're down to get down tonight
'Cause it's always a good time
Prince
13%
Thunder Road (1975) [...] singing for the lonelyHey, that's me, and I want to you only Roy Orbison
7%
Boys Boys Boys (2008) Baby is a bad boy with some retro sneakers Let's go see [...] and make out in the bleachers The Killers
7%
Sorry, Blame It On Me (2009) I'm sorry that it took so long to speak But I was on tour with [...]
I'm sorry for the hand that she was dealt
For the embarrassment that she felt
Gwen Stefani
0%
No matching quizzes found
Score Distribution
Percent of People with Each Score
Percentile by Number Answered
Your Score History
You have not taken this quiz